000 00715nam a2200265Ia 4500
005 20260302114709.0
008 008 260114s9999 xx 000 0 eng d
020 _a9781350248748
037 _aTextbook
040 _aCRL
040 _beng
040 _cCRL
041 _2eng
041 _aeng
084 _qCRL
100 _aMichelle Witen and John D. Morgenstern
_91119478
245 0 _aModernism in Wonderland Legacies of Lewis Carroll
260 _bBloomsbury
260 _bBloomsbury Academic
260 _c2024
650 _aLiterary Studies
856 _uhttps://doi.org/10.5040/9781350248748?locatt=label:secondary_bloomsburyCollections
942 _cEBOOK
999 _c1683518
_d1683518